Normal view
MARC view
- Strong, Anna Louise
Entry Personal Name
001 - CONTROL NUMBER
- control field: 46333
003 - CONTROL NUMBER IDENTIFIER
- control field: NUST
005 - DATE AND TIME OF LATEST TRANSACTION
- control field: 20210314133510.0
008 - FIXED-LENGTH DATA ELEMENTS
- fixed length control field: 210314|| aca||aabn | a|a d
040 ## - CATALOGING SOURCE
- Original cataloging agency: NUST
- Transcribing agency: NUST
100 ## - HEADING--PERSONAL NAME
- Personal name: Strong, Anna Louise
670 ## - SOURCE DATA FOUND
- Source citation: Work cat.: (NUST): Strong, Anna Louise,, China's millions revolution in central China, 1927 , 1965-
